Manshū no menka /
Saved in:
| Corporate Author: | |
|---|---|
| Format: | Book |
| Language: | Japanese |
| Published: |
[Dairen] :
Minami Manshū Tetsudō Kabushiki Kaisha Kōgyōbu Nōmuka,
[Shōwa 3 i.e. 1928]
|
| Edition: | Saihan. |
| Series: | Sangyō shiryō ;
sono 19. Sangyō shiryō (Minami Manshū Tetsudō Kabuki Kaisha) ; sono 19. |
| Subjects: | |
| Tags: |
Add Tag
No Tags, Be the first to tag this record!
|
| LEADER | 01656nam a2200397 i 4500 | ||
|---|---|---|---|
| 001 | 007775287-2 | ||
| 005 | 20024617121422.0 | ||
| 008 | 911014s1928 cc ab 000 0 jpn d | ||
| 010 | |a 75797589 /J | ||
| 035 | 0 | |a ocm33710726 | |
| 040 | |a *LWU* |b jpn |c *LWU* |d OCoLC |d *YNH* |d CStRLIN | ||
| 110 | 2 | |6 880-01 |a Minami Manshū Tetsudō Kabushiki Kaisha. |b Kōgyōbu. |b Nōmuka. | |
| 245 | 1 | 0 | |6 880-02 |a Manshū no menka / |c Minami Manshū Tetsudō Kabushiki Kaisha Kōgyōbu. |
| 250 | |6 880-03 |a Saihan. | ||
| 260 | |6 880-04 |a [Dairen] : |b Minami Manshū Tetsudō Kabushiki Kaisha Kōgyōbu Nōmuka, |c [Shōwa 3 i.e. 1928] | ||
| 300 | |a 2, 2, 199 p. : |b ill., col. map ; |c 23 cm. | ||
| 490 | 1 | |6 880-05 |a Sangyō shiryō ; |v sono 19 | |
| 500 | |a Cover title. | ||
| 500 | |a Errata slip inserted. | ||
| 500 | |6 880-06 |a Orikomizu 1-mai. | ||
| 653 | |6 880-07 |a Menka |a Manshū. | ||
| 650 | 0 | |a Cotton |z China |z Manchuria. | |
| 880 | 2 | |6 110-01 |a 南滿洲鐵道株式會社. |b 興業部. |b 農務課. | |
| 880 | 1 | 0 | |6 245-02 |a 滿洲の棉花 / |c 南滿洲鐵道株式會社興業部. |
| 880 | |6 250-03 |a 再版. | ||
| 880 | |6 260-04 |a [大連] : |b 南滿洲鐵道株式會社興業部農務課, |c [昭和3 i.e. 1928] | ||
| 880 | 1 | |6 490-05 |a 産業資料 ; |v 其19 | |
| 880 | |6 500-06 |a 折込圖1枚. | ||
| 880 | |6 653-07 |a 綿花 |a 滿州. | ||
| 830 | 0 | |6 880-55 |a Sangyō shiryō ; |v sono 19. | |
| 880 | 0 | |6 830-55 |a 産業資料 ; |v 其19. | |
| 830 | 0 | |6 880-08 |a Sangyō shiryō (Minami Manshū Tetsudō Kabuki Kaisha) ; |v sono 19. | |
| 880 | 0 | |6 830-08 |a 産業資料 (Minami Manshū Tetsudō Kabuki Kaisha) ; |v 其19. | |
| 886 | 2 | |2 jpnmarc |a 677 |b 618.1 | |
| 988 | |a 20021220 | ||
| 906 | |0 OCLC | ||


